Die Beurteilung des Behandlungserfolges in der Psychotherapie: 523 acht- bis zehnjährige Katamnesen psychotherapeutischer Behandlungen von organneurotischen und psychosomatischen Erkrankungen
| Autor principal: | |
|---|---|
| Tipo de documento: | Print Libro |
| Lenguaje: | Alemán |
| Publicado: |
Berlin Heidelberg [u.a.]
Springer
1962
|
| En: |
Monographien aus dem Gesamtgebiete der Neurologie und Psychiatrie (99)
Año: 1962 |
| Disponibilidad en Tübingen: | Disponible en Tübingen. IFK: M XII 3 |
| Verificar disponibilidad: | HBZ Gateway |
| Servicio de pedido Subito: | Pedir ahora. |
| Palabras clave: |
MARC
| LEADER | 00000cam a2200000 c 4500 | ||
|---|---|---|---|
| 001 | 1071574507 | ||
| 003 | DE-627 | ||
| 005 | 20260206195920.0 | ||
| 007 | tu | ||
| 008 | 850101s1962 gw ||||| 00| ||ger c | ||
| 016 | 7 | |a 450845370 |2 DE-101 | |
| 020 | |c : 29.60 (kart.) | ||
| 035 | |a (DE-627)1071574507 | ||
| 035 | |a (DE-603)099176963 | ||
| 035 | |a (DE-576)001574507 | ||
| 035 | |a (DE-599)BSZ001574507 | ||
| 035 | |a (OCoLC)08026114 | ||
| 035 | |a (OCoLC)462536346 | ||
| 035 | |a (DE-604)8009276602 | ||
| 035 | |a (AT-OBV)AC00597980 | ||
| 040 | |a DE-627 |b ger |c DE-627 |e rakwb | ||
| 041 | |a ger | ||
| 044 | |c XA-DE | ||
| 084 | |a 17a |2 sdnb | ||
| 084 | |a CU 8000 |2 rvk |0 (DE-625)rvk/19124: | ||
| 084 | |a YH 7614 |2 rvk |0 (DE-625)rvk/153578:12920 | ||
| 084 | |a YH 7628 |2 rvk |0 (DE-625)rvk/153578:12934 | ||
| 084 | |a 77.72 |2 bkl | ||
| 100 | 1 | |a Cremerius, Johannes |d 1918-2003 |0 (DE-588)116725656 |0 (DE-627)078204097 |0 (DE-576)160640695 |4 aut | |
| 109 | |a Cremerius, Johannes 1918-2003 | ||
| 245 | 1 | 4 | |a Die Beurteilung des Behandlungserfolges in der Psychotherapie |b 523 acht- bis zehnjährige Katamnesen psychotherapeutischer Behandlungen von organneurotischen und psychosomatischen Erkrankungen |c von Johannes Cremerius |
| 264 | 1 | |a Berlin |a Heidelberg [u.a.] |b Springer |c 1962 | |
| 300 | |a IV, 102 S. | ||
| 336 | |a Text |b txt |2 rdacontent | ||
| 337 | |a ohne Hilfsmittel zu benutzen |b n |2 rdamedia | ||
| 338 | |a Band |b nc |2 rdacarrier | ||
| 490 | 1 | |a Monographien aus dem Gesamtgebiete der Neurologie und Psychiatrie |v 99 | |
| 500 | |a Literaturverz. S. [95] - 102 | ||
| 583 | 1 | |a Archivierung/Langzeitarchivierung gewährleistet |f PEBW |x XA-DE-BW |2 pdager |5 DE-31 | |
| 583 | 1 | |a Massenentsäuert |c 2010 |k DE-18 |2 pdager |5 DE-18-64 | |
| 583 | 1 | |a Archivierung prüfen |c 20240324 |f DE-4165 |z 3 |2 pdager | |
| 648 | 7 | |a Prognose |2 gnd | |
| 650 | 0 | |a Psychotherapy | |
| 650 | 0 | |a Psychosomatic Medicine | |
| 650 | 2 | |a Psychotherapy | |
| 650 | 2 | |a Neurotic Disorders | |
| 650 | 2 | |a Psychosomatic Medicine | |
| 650 | 0 | 7 | |0 (DE-588)4029923-5 |0 (DE-627)106272330 |0 (DE-576)208984836 |a Katamnese |2 gnd |
| 650 | 0 | 7 | |0 (DE-588)4047746-0 |0 (DE-627)106193694 |0 (DE-576)209074590 |a Psychotherapie |2 gnd |
| 689 | 0 | 0 | |d s |0 (DE-588)4047746-0 |0 (DE-627)106193694 |0 (DE-576)209074590 |a Psychotherapie |2 gnd |
| 689 | 0 | 1 | |a z |2 gnd |a Prognose |
| 689 | 0 | 2 | |d s |0 (DE-588)4029923-5 |0 (DE-627)106272330 |0 (DE-576)208984836 |a Katamnese |2 gnd |
| 689 | 0 | |5 (DE-627) | |
| 830 | 0 | |a Monographien aus dem Gesamtgebiete der Neurologie und Psychiatrie |v 99 |9 99 |w (DE-627)130110876 |w (DE-576)015642488 |w (DE-600)503801-7 |x 0376-0464 |7 am | |
| 889 | |w (DE-627)04336604X | ||
| 889 | |w (DE-627)128841788 | ||
| 935 | |i mdedup | ||
| 935 | |h HEB |i 0501 | ||
| 935 | |h HEB |i 0503 | ||
| 936 | r | v | |a CU 8000 |b Allgemeines, Einführungen, Gesamtdarstellungen |k Psychologie |k Klinische Psychologie |k Psychologische Behandlungsmethoden, Psychotherapie |k Allgemeines, Einführungen, Gesamtdarstellungen |0 (DE-627)1271481030 |0 (DE-625)rvk/19124: |0 (DE-576)201481030 |
| 936 | r | v | |a YH 7614 |b Anamnese, Diagnostik, Symptomatologie, Prognostik |k Medizin |k Psychiatrie, Medizinische Psychologie |k Spezielle Psychiatrie |k Psychotherapie |k Allgemeines |k A. Formalschlüssel |k Allgemeine Literatur zu einem Hauptgebiet |k Anamnese, Diagnostik, Symptomatologie, Prognostik |0 (DE-627)1272200108 |0 (DE-625)rvk/153578:12920 |0 (DE-576)202200108 |
| 936 | r | v | |a YH 7628 |b Fallstudien |k Medizin |k Psychiatrie, Medizinische Psychologie |k Spezielle Psychiatrie |k Psychotherapie |k Allgemeines |k A. Formalschlüssel |k Allgemeine Literatur zu einem Hauptgebiet |k Fallstudien |0 (DE-627)1272541665 |0 (DE-625)rvk/153578:12934 |0 (DE-576)202541665 |
| 936 | b | k | |a 77.72 |j Psychotherapie: Allgemeines |0 (DE-627)106412795 |
| 936 | s | n | |a w200 |2 mzub |
| 936 | s | n | |a c200 |2 mzub |
| 951 | |a BO | ||
| ELC | |b 1 | ||
| LOK | |0 000 xxxxxcx a22 zn 4500 | ||
| LOK | |0 001 2873288167 | ||
| LOK | |0 003 DE-627 | ||
| LOK | |0 004 1071574507 | ||
| LOK | |0 005 20151116135358 | ||
| LOK | |0 008 150728||||||||||||||||ger||||||| | ||
| LOK | |0 035 |a (DE-21-110)kd28551 | ||
| LOK | |0 040 |a DE-21-110 |c DE-627 |d DE-21-110 | ||
| LOK | |0 852 |a DE-21-110 | ||
| LOK | |0 852 1 |c M XII 3 |m p |9 00 | ||
| LOK | |0 935 |a k110 | ||
| LOK | |0 938 |k p | ||
| LOK | |0 939 |a 28-07-15 |b l01 | ||
| ORI | |a SA-MARC-krimdoka001.raw | ||
| SIG | |a IFK: M XII 3 | ||
